MARC

LEADER 00000nam0a2200000 4500
001 325205
005 20231102003736.0
035 |a (RuTPU)RU\TPU\book\350817 
090 |a 325205 
100 |a 20161130d1979 m y0rusy50 ca 
101 0 |a fre  |a rus 
102 |a RU 
105 |a y j 000zy 
200 1 |a Учебник французского языка для технических вузов  |e (электротехнического профиля)  |f Е. В. Король, А. Н. Петрова, И. М. Длугач 
210 |a Москва  |c Высшая школа  |d 1979 
215 |a 295 с. 
606 1 |a Французский язык  |x Учебные руководства и пособия для вузов  |2 stltpush  |3 (RuTPU)RU\TPU\subj\16836  |9 42736 
610 1 |a лексика 
610 1 |a грамматика 
610 1 |a разговорная речь 
610 1 |a тексты 
610 1 |a электротехника 
610 1 |a хрестоматии 
686 |a Ш147.11-923  |v LBC/SL-A  |2 rubbk 
700 1 |a Король  |b Е. В.  |g Елена Владимировна 
701 1 |a Петрова  |b А. Н.  |g Антонина Николаевна 
701 1 |a Длугач  |b И. М.  |g Ирина Михайловна 
801 1 |a RU  |b 63413507  |c 20161130 
801 2 |a RU  |b 63413507  |c 20180301  |g RCR 
942 |c BK